Tasks, errors, and mental models : a festschrift to celebrate the 60th birthday of Professor Jens Rasmussen
Αποθηκεύτηκε σε:
| Άλλοι συγγραφείς: | , , , |
|---|---|
| Μορφή: | Βιβλίο |
| Γλώσσα: | English |
| Δημοσίευση: |
London : New York :
Taylor & Francis,
1988
|
| Θέματα: | |
| Ετικέτες: |
Προσθήκη ετικέτας
Δεν υπάρχουν, Καταχωρήστε ετικέτα πρώτοι!
|
MARC
| LEADER | 00000cam a2200000 i 4500 | ||
|---|---|---|---|
| 001 | 1/20480 | ||
| 008 | 930826s1988 eng d | ||
| 020 | |a 0850664012 |c $60.00 (U.S.) | ||
| 035 | |l 10021555 | ||
| 040 | |a GR-MY-UA |b gre |e aacr | ||
| 041 | 0 | |a eng | |
| 082 | 0 | |a 620.82 |2 (19) | |
| 245 | 1 | 0 | |a Tasks, errors, and mental models : |b a festschrift to celebrate the 60th birthday of Professor Jens Rasmussen / |c edited by L.P. Goodstein, H.B. Andersen, S.E. Olsen |
| 260 | |a London : |a New York : |b Taylor & Francis, |c 1988 | ||
| 300 | |a xiv, 342 p.; |b ill., port.; |c 24 cm | ||
| 504 | |a Bibliography: p. 335-339 | ||
| 504 | |a Includes index | ||
| 600 | 1 | 0 | |a Rasmussen Jens |d 1926- |
| 650 | 0 | 0 | |a Human-machine systems. |
| 650 | 0 | 0 | |a Human engineering. |
| 650 | 0 | 0 | |a Psychology, Applied. |
| 700 | 1 | |a Rasmussen, Jens |d 1926- | |
| 700 | 1 | |a Goodstein, L. P. | |
| 700 | 1 | |a Andersen, H. B. |q (Henning Boje) | |
| 700 | 1 | |a Olsen, S. E |q (Svend Erik) | |
| 852 | |a INST |b CHIOS |e 19930826 |h 620.82 GOO |p 005200004170 |q 005200004170 |t BK |y 0 | ||
| 909 | |a Χ |b 021751 | ||